|
|
|
|
| LEADER |
01666nam a2200445Ia 4500 |
| 001 |
EBC1048961 |
| 003 |
MiAaPQ |
| 005 |
20200520144314.0 |
| 006 |
m o d | |
| 007 |
cr cn||||||||| |
| 008 |
120730s2012 dcua sb 000 0 eng d |
| 010 |
|
|
|z 2012030808
|
| 020 |
|
|
|z 9780821396230
|
| 020 |
|
|
|a 9780821396261 (electronic bk.)
|
| 035 |
|
|
|a (MiAaPQ)EBC1048961
|
| 035 |
|
|
|a (Au-PeEL)EBL1048961
|
| 035 |
|
|
|a (CaPaEBR)ebr10608659
|
| 035 |
|
|
|a (CaONFJC)MIL401762
|
| 035 |
|
|
|a (OCoLC)813285840
|
| 040 |
|
|
|a MiAaPQ
|c MiAaPQ
|d MiAaPQ
|
| 050 |
|
4 |
|a HQ1236.5.A78
|b T69 2012
|
| 082 |
0 |
4 |
|a 323.3/4095
|2 23
|
| 245 |
0 |
0 |
|a Toward gender equality in East Asia and the Pacific
|h [electronic resource].
|
| 260 |
|
|
|a Washington, D.C. :
|b World Bank,
|c [2012]
|
| 300 |
|
|
|a xix, 248 p. :
|b ill.
|
| 440 |
|
0 |
|a World Bank East Asia and Pacific regional report
|
| 500 |
|
|
|a "A companion to the World development report."
|
| 504 |
|
|
|a Includes bibliographical references.
|
| 533 |
|
|
|a Electronic reproduction. Ann Arbor, MI : ProQuest, 2015. Available via World Wide Web. Access may be limited to ProQuest affiliated libraries.
|
| 650 |
|
0 |
|a Women's rights
|z Asia.
|
| 650 |
|
0 |
|a Women's rights
|z Pacific Area.
|
| 650 |
|
0 |
|a Women in development
|z Asia.
|
| 650 |
|
0 |
|a Women in development
|z Pacific Area.
|
| 650 |
|
0 |
|a Sex discrimination against women
|z Asia.
|
| 650 |
|
0 |
|a Sex discrimination against women
|z Pacific Area.
|
| 655 |
|
4 |
|a Electronic books.
|
| 710 |
2 |
|
|a World Bank.
|
| 710 |
2 |
|
|a ProQuest (Firm)
|
| 730 |
0 |
|
|a World development report.
|
| 856 |
4 |
0 |
|u https://ebookcentral.proquest.com/lib/matrademy/detail.action?docID=1048961
|z Click to View
|